English Vocabulary A-Z - Statistics

General Stats
  • This quiz has been taken 339 times
  • The average score is 15 of 26
Answer Stats
Picture Answer % Correct
Bacon
93%
Helicopter
80%
Chihuahua
77%
Umbrella
75%
Melon
73%
Zebra
73%
Kitten
71%
Flute
67%
Notebook
66%
Anaconda
65%
Trampoline
64%
Luggage
62%
X-ray
60%
Wasp
58%
Janitor
57%
Drain
55%
Gnome
55%
Sea
55%
Rooster
53%
Emu
51%
Oak
45%
Quill
44%
Infant
43%
Vault
41%
Palette
36%
Yam
31%
No matching quizzes found
Score Distribution
Percent of People with Each Score
Percentile by Number Answered
Your Score History
You have not taken this quiz